Statistics for Endangered Animal by Letter A-Z

Click here to take the quiz!

General Stats

  • This quiz has been taken 39 times
  • The average score is 8 of 26

Answer Stats

LetterDescriptionAnimal% Correct
HPotamusHippo
74%
TBig fish used in sushi and sandwichesTuna
74%
OBiggest tree dwelling primateOrangutan
71%
BPygmy ChimpBonobo
65%
ZA shark that has stripesZebra Shark
65%
KIsland in IndonesiaKomodo
58%
LProsimiansLemur
39%
PSpiky anteater looking thingPangolin
35%
VVery Rare Dolphin or PorpoiseVaquita
32%
DAsiatic Wild DogDhole
29%
GA monkey that lives in Brazil and has a furry golden headGolden Lion Tamarin
29%
AMexican Walking FishAxolotl
26%
EBig ApeEastern Gorilla
26%
MGalapagos LizardsMarine Iguana
26%
NMarsupial small related to a kangarooNumbat
26%
RHung Ho or Fire FoxRed Panda
26%
FEats ProsimiansFossa
23%
JBig Stomping Animal that lives in IndonesiaJavan Rhino
23%
QOther name for short tailed wallabyQuokka
23%
CWas Almost Extinct- a BirdCalifornia Condor
19%
ILives in the Irrawaddy riverIrrawaddy Dolphin
19%
SVu Traung DeerSaola
10%
ULooks kinda like a bassUnga
6%
WLooks like a ploverWrybill
6%
XRelative of the AukletsXantus Murrlet
3%
YA red bird that is yellowYellow Cardinal
3%

Score Distribution

Percentile by Number Answered

Percent of People with Each Score

Your Score History

You have not taken this quiz